Mastering Medical Surgical Nursing (Record no. 155572)
[ view plain ]
| 000 -LEADER | |
|---|---|
| fixed length control field | 00371nam a2200133Ia 4500 |
| 008 - FIXED-LENGTH DATA ELEMENTS--GENERAL INFORMATION | |
| fixed length control field | 230411s9999 xx 000 0 und d |
| 041 ## - LANGUAGE CODE | |
| Language code of text/sound track or separate title | eng |
| 082 ## - DEWEY DECIMAL CLASSIFICATION NUMBER | |
| Classification number | MS/610.73677/AND/B05039 |
| 100 ## - MAIN ENTRY--PERSONAL NAME | |
| Personal name | Andrews Marcia |
| 9 (RLIN) | 178418 |
| 245 ## - TITLE STATEMENT | |
| Title | Mastering Medical Surgical Nursing |
| 260 ## - PUBLICATION, DISTRIBUTION, ETC. (IMPRINT) | |
| Name of publisher, distributor, etc. | Springhouse Corporation |
| Place of publication, distribution, etc. | New Delhi |
| Date of publication, distribution, etc. | 1997 |
| 300 ## - PHYSICAL DESCRIPTION | |
| Extent | 724p |
| Withdrawn status | Lost status | Damaged status | Not for loan | Collection code | Home library | Current library | Date acquired | Vendor | Cost, normal purchase price | Bill number | Total Checkouts | Full call number | Barcode | Date last seen | Cost, replacement price | Bill Date | Koha item type | Original Barcode |
|---|---|---|---|---|---|---|---|---|---|---|---|---|---|---|---|---|---|---|
| MS | Smt. Bakul Tambat Institute of Nursing Education | Smt. Bakul Tambat Institute of Nursing Education | 15/03/2008 | B.J.Medical Co-oprative College Stores | 745.00 | 1838 | MS 610.73677 AND B05039 | BTIN-BK-5039 | 11/04/2023 | 745.00 | 15/03/2008 | Books | B05039 |